Bài tập thiết kế mô hình ba chiều với Autocad
שמור ב:
| מחבר ראשי: | |
|---|---|
| פורמט: | ספר |
| יצא לאור: |
Tp. HCM
Tổng hợp
2004
|
| מהדורה: | In lần thứ 2 |
| נושאים: | |
| תגים: |
הוספת תג
אין תגיות, היה/י הראשונ/ה לתייג את הרשומה!
|
| Thư viện lưu trữ: | Trung tâm Học liệu Lê Vũ Hùng, Trường Đại học Đồng Tháp |
|---|
| LEADER | 00748pam a22002298a 4500 | ||
|---|---|---|---|
| 001 | 00017719 | ||
| 005 | 20171026081022.0 | ||
| 008 | 110421s2004 |||||| sd | ||
| 020 | |c 33000 | ||
| 082 | 1 | 4 | |a 006.6 |b B103T |
| 100 | 0 | # | |a Nguyễn Hữu Lộc |
| 245 | 0 | 0 | |a Bài tập thiết kế mô hình ba chiều với Autocad |c Nguyễn Hữu Lộc |
| 250 | # | # | |a In lần thứ 2 |
| 260 | # | # | |a Tp. HCM |b Tổng hợp |c 2004 |
| 300 | # | # | |a 306 tr. |c 24 cm. |
| 653 | # | # | |a Autocad |
| 653 | # | # | |a Mô hình ba chiều |
| 653 | # | # | |a Đồ họa |
| 852 | # | # | |b Kho đọc |j KD.0002943 |
| 852 | # | # | |j KD.0002943 |
| 910 | |d 21/04/2011 | ||
| 980 | # | # | |a Trung tâm Học liệu Lê Vũ Hùng, Trường Đại học Đồng Tháp |